000 00488nmm a2200169Ia 4500
008 251105s9999||||xx |||||||||||||||||und||
020 _a9788499676890
041 _aspa
100 _aYuste González, Javier
245 0 _aEl Imperio del Sol Naciente
264 _a[Madrid, España] :
_bEdiciones Nowtilus,
_c2015
300 _a304 páginas
490 _aHistoria Incógnita
650 _aHistory (General)
856 _uhttps://public.digitaliapublishing.com/a/171859
942 _cCF
999 _c93152
_d93152